| 000 | 00914nam a22002775a 4500 | ||
|---|---|---|---|
| 003 | OSt | ||
| 005 | 20170615125739.0 | ||
| 008 | 170615s2016 ua o grb 000 0cara d | ||
| 017 | _a2016 / 15905 | ||
| 020 | _a9789776543065 | ||
| 040 |
_aEG-ScBUE _bara _cEG-ScBUE |
||
| 082 | 0 | 4 |
_a109.2 _bن ش ا _222 |
| 100 | 1 | _aنشار، مصطفى. | |
| 245 | 1 | 0 |
_aفلاسفة أيقظوا العالم / _cمصطفى النشار. |
| 250 | _aط. 7. | ||
| 260 |
_aالقاهرة : _bروابط للنشر وتقنية المعلومات، _c2016. |
||
| 300 |
_a399 ص. : _bإيض. ؛ _c24 سم. |
||
| 504 | _aيشتمل على إرجاعات ببليوجرافية. | ||
| 541 | _aإهداء من أ. محمد فريد خميس. | ||
| 590 | _aدعاء | ||
| 650 | 7 |
_aالفلاسفة. _2BUEsh |
|
| 650 | 7 |
_aالفلاسفة _vتراجم. _2BUEsh _928015 |
|
| 651 | _2BUEsh | ||
| 653 |
_bGGEN _cJune2017 |
||
| 942 | _2ddc | ||
| 999 |
_c24904 _d24876 |
||